00952nas a2200265 4500001001300000003000900013005001700022007000300039008003400042040005400076041000900130072000800139100002200147100002400169245007400193650001500267650002200282650003400304650001200338773010600350909004000456942001800496999001900514952015300533BR2012003761BR-BrBNA20231205120618.0ta230509b bl.|||p| |||| 00| 00por d aBR-BrBNAbporcBiblioteca Nacional de Agricultura a(Pt) aF701 aBoechat, S. de C.1 aLonghi-Wagner, H.M.1 aDuas novas espécies de Eragrostis (Poaceae, Chloridoideae)do Brasil aGRAMÍNEA aTAXONOMIA VEGETAL aDISTRIBUIÇÃO GEOGRÁFICA aHABITAT0 tIheringia. Série Botânica (Brazil)xISSN 0073-4705g(Oct 1998), v. 51(2) p. 177-187wBR2012003761 a202311bLúciac55dLúcia Elande 2AGRISn0cANA c219372d219372 002AGRIS4071a41918b41918cPeriódicos Agrícolash(Oct 1998), v. 51(2) p. 177-187l0r2023-11-29t01yCRePortaria Interministerial nº 164/94